000 01353nam0a2200349 4500
001 RU\NLR\BIBL_A\022559344
005 20260420045428.0
010 _a978-5-04-216230-5
_93000
021 _aRU
_bКН-П-25-020445
_9КН-П-25-2067
035 _a(NLR Aleph) 022559344
090 _a13674429
_c13674429
100 _a20250604d2025 u y0rusy50 ca
101 1 _arus
_ceng
102 _aRU
105 _aa z 000yb
181 0 _ai3
_baxxe
182 1 _an
200 1 _aМесси
_eгений футбола
_fГильем Балаге
_g[перевод с английского Л. Степановой]
203 _aТекст
_bвизуальный
_cнепосредственный
205 _a2-е изд., испр. и сокр.
210 _aМосква
_cЭксмо, Бомбора
_d2025
215 _a476 с.
_cил.
_d18
225 1 _aВеликие спортсмены, команды, тренеры
333 _a16+
600 1 _aМесси
_bЛ.
_f1987
_gЛионель
_92170963
_3RU\NLR\AUTH\6601542446
686 1 _aЧ515.783(7А)6-8Месси
700 1 _aБалаге
_bГ.
_gГильем
702 1 _4280
_7ca
_8rus
_aМесси
_bЛ.
_f1987-
_gЛионель
_9169338
_3RU\NLR\AUTH\770169388
942 _cBOOK
980 _aNB